Quizzes
Events
Quiz Creation
Community
Videos
Private Events
Remove Ads
Sign In
Join for FREE
Feedback
Dark Mode
Quiz Categories
Sports
Geography
Music
Movies
Television
Just For Fun
Miscellaneous
History
Literature
Language
Science
Gaming
Entertainment
Religion
Holiday
For Kids
Quiz Lab
Recent
Popular Today
Quiz Kudos Today
Editor Picks
Curator Picks
Quizzes by...
Day
Popularity
Type
Ratings
Length
Year
Community
Subscriptions
Recent Discussions
Orange Saloon
Badges
Playlists
Quests
Create
Leaderboards
Showdown
Live 5
Trivia Bingo
Activity
Puzzle Library
Sporcle Events
Private Events
Virtual Trivia
Globe League
Become a Host
Pub Owners
SporcleCon
Opinionation
Our Games
Videos
Blog
Mobile Apps
Partnerships
Remove Ads and Go Orange
Feedback
Sports
Athletes
MLB
NBA
NHL
NFL
Soccer
Sports Teams
WWE
NCAA
Football
Premier League
Basketball
Baseball
Hockey
Golf
Tennis
Cricket
Rugby
Auto Racing
Olympics
World Cup
Sports
Athletes
MLB
NBA
NHL
NFL
Soccer
Sports Teams
WWE
NCAA
Football
Premier League
Basketball
Baseball
Hockey
Golf
Tennis
Cricket
Rugby
Auto Racing
Olympics
World Cup
Random Quiz
Search Sporcle
×
Quiz Lab
Quiz Lab
Sports
Rugby
Type in answers that appear in a list
Type in answers that appear in a list
Classic
Best Score? Go Orange.
Wales Rugby 50+ Caps Stats
Can you name the 24 players to have played 50 or more times for Wales senior rugby team?
By
caerodyn
10m
27 Questions
1,322 Plays
1,322 Plays
1,322 Plays
Comments
Comments
Give Quiz Kudos
Give Quiz Kudos
-
- Ratings
hide this ad
Replay
Link that replays current quiz
Next Quiz
Link to next quiz in quiz playlist
You Got
0%
They Got
Avg Score
60%
Avg Friend Score
Upgrade to see
Score Distribution
Jump to the score distribution portion of the page
Score
0/27
Timer
10:00
0
Plays Today
Date of 50th Cap
Player
% Correct
20/
09/
2007
Shane Williams
90.5%
09/
11/
2008
Adam Jones
85.3%
19/
11/
2005
Stephen Jones
85.2%
05/
02/
2005
Martyn Williams
80.6%
08/
04/
2001
Gareth Thomas
80.2%
15/
09/
2007
Gethin Jenkins
80%
04/
02/
1978
Gareth Edwards
78.7%
15/
03/
1997
Neil Jenkins
73.9%
23/
11/
2002
Colin Charvis
72.3%
03/
02/
1979
JPR Williams
70%
17/
02/
2007
Dwayne Peel
64.6%
23/
02/
2008
Tom Shanklin
64%
23/
03/
2002
Scott Quinnell
61.1%
03/
02/
2001
Scott Gibbs
61%
Date of 50th Cap
Player
% Correct
19/
09/
2001
Robert Howley
59.4%
04/
03/
1995
Ieuan Evans
54.4%
12/
03/
2011
Mike Phillips
53.1%
12/
03/
2011
Ryan Jones
52.2%
15/
03/
2008
Ian Gough
49.3%
05/
10/
1996
Gareth Llewellyn
48.2%
15/
03/
2008
Duncan Jones
47.2%
26/
02/
2011
James Hook
45.6%
04/
06/
2005
Mark Taylor
38.7%
18/
02/
1995
Robert Jones
38.6%
28/
11/
2009
Jonathan Thomas
33.1%
13/
10/
2001
Dai Young
31.9%
23/
10/
1999
Garin Jenkins
31.2%
Quiz Playlist
Details
Report
Send in Message
Add To Playlist
Classic:
Type in answers that appear in a list
Quiz Source
Last Updated: Nov 9, 2018
Quiz Scoreboard
CHALLENGE
Sign Up to Join the Scoreboard
Show All
Scores
Hide
Comments
May contain spoilers
Recently Published
Presidents Visiting Landmarks
by Hejman
History
7m
An Introduction to Baseball
by treessimontrees
Sports
5m
Movies - When Are They Set?
by FPL_Elf
Movies
5m
More to Explore
Quiz From the Vault
Featured Blog Post
Where Did the Easter Bunny Come From?
hide this ad
You Might Also Like...
Tags
Rugby Quiz
Wales
Today's Top Quizzes in Sports
Browse Sports
hide this ad
Today's Top Quizzes in Rugby
Browse Rugby
Top Contributed Quizzes in Sports
1
Les meilleurs buteurs des matchs entre le PSG et l’OM
2
2022 World Cup Stars
3
FIFA Club World Cup Champions
4
Les entraîneurs de l'OM et du PSG au 21e siècle
5
Name the Premier League winners with different clubs
6
La finale Lions - Afrique du Sud 2021
7
5-to-1: UK Sports Teams
8
England Test cricketers to play under Nasser Hussain
9
Players with Multiple 50 Home Run Seasons
10
AFC Teams Reveal (Wrong Answers Minefield)
Explore More
Trending Topics
Disney
Marvel
NBA
Crossword
Kpop
Anime
Harry Potter
Song
WWE
Country
NFL
Soccer
The Office
Pokémon
Puzzle
hide this ad
More By:
caerodyn
Quiz
Plays
Rating
Category
Featured
Created
Wales Rugby 50+ Caps
1,322
1.00
Sports
Oct 12, 2010
Go to Creator's Profile
Score Distribution
Quiz Creator Spotlight
caerodyn
Follow
Send a Message
Quizzes Created
-
Created Quiz Play Count
-
More By This Creator
Popular Quizzes Today
1
Find the US States - No Outlines Minefield
2
Find the Countries of Europe - No Outlines Minefield
3
The Countries of the World
4
Find the US States
5
Popular People in 1961
6
US States
7
Risky Map Clicking: Biggest States A-Z
8
Movies - When Are They Set?
More Sports Quizzes
Last XI: Thiago Motta
Quiz Lab
Trending Quizzes
Risky Map Clicking: Least Populous States A-Z
1-10 Letter G Words
1-10 Letter F Words
Risky Map Clicking: Next State Alphabetically
Risky Map Clicking: Biggest States A-Z
Recently Updated
Leaping Animals
pecheneg
Reality TV Shows (A-Z)
bhenderson79
Rickey Henderson's Hall of Fame Teammates
pecheneg
Champions League XIs: Arsenal
pecheneg
Quick Pick: Celebrities in WWE's Hall of Fame
aduchscher
A-Z Keypad Blitz II
pecheneg
Multiple Oscar Actors
pecheneg
Mystery Phrase Blitz: Oscar 'Best Actors'
pecheneg
F. Scott Fitzgerald Novels
LTH
Pick 3 Villains
ddd62291
Trending Topics
Disney
NBA
Marvel
Kpop
Anime
Crossword
Harry Potter
The Office
Country
Pokémon
Song
WWE
NFL
Puzzle
Soccer
Your Account Isn't Verified!
In order to create a playlist on Sporcle, you need to verify the email address you used during registration. Go to your
Sporcle Settings
to finish the process.
Report this User
Report this user for behavior that violates our
Community Guidelines
.
Details:
Send Report
Go to the Sporcle.com Mobile Site →
Comments